Výpočet a účtovné zobrazenie cestovných náhrad zamestnancov bakalárska práca

Gespeichert in:
Bibliographische Detailangaben
1. Verfasser: Kováčová, Katarína
Körperschaft: Fakulta hospodárskej informatiky EU. Katedra účtovníctva a audítorstva
Weitere Verfasser: Kubaščíková, Zuzana, 1982-
Format: Buch
Sprache:Slowakisch
Veröffentlicht: Bratislava 2022
Tags: Tag hinzufügen
Keine Tags, Fügen Sie das erste Tag hinzu!

MARC

LEADER 00000nbm a2200000 4500
001 0286133
005 20230123145754.9
041 0 |a slo 
044 |a SK 
245 1 0 |a Výpočet a účtovné zobrazenie cestovných náhrad zamestnancov  |b bakalárska práca  |c Katarína Kováčová ; školiteľ: Zuzana Kubaščíková 
264 1 |a Bratislava  |c 2022 
300 |a 49 s. 
100 1 |a Kováčová, Katarína 
700 1 |a Kubaščíková, Zuzana, 1982- 
710 2 |a Fakulta hospodárskej informatiky EU. Katedra účtovníctva a audítorstva